Reforming public pensions sharing the experiences of transition and OECD countries
Gespeichert in:
| Format: | Buch |
|---|---|
| Sprache: | Englisch |
| Veröffentlicht: |
Paris
OECD
2004
|
| Schriftenreihe: | Emerging transition economies
|
| Schlagworte: | |
| Tags: |
Keine Tags, Fügen Sie das erste Tag hinzu!
|
MARC
| LEADER | 00000nam$a2200000$$$4500 | ||
|---|---|---|---|
| 001 | 0021262 | ||
| 005 | 20240104134529.4 | ||
| 020 | |a 92-64-10580-8 | ||
| 041 | 0 | |a eng | |
| 044 | |a FR | ||
| 245 | 1 | 0 | |a Reforming public pensions |b sharing the experiences of transition and OECD countries |
| 264 | 1 | |a Paris |b OECD |c 2004 | |
| 300 | |a 341 s. | ||
| 490 | 1 | |a Emerging transition economies | |
| 830 | 0 | |a Emerging transition economies | |
| 610 | 2 | 0 | |a systémy dôchodkové |
| 610 | 2 | 0 | |a penzie |
| 610 | 2 | 0 | |a úroveň životná |
| 610 | 2 | 0 | |a dôchodcovia |
| 610 | 2 | 0 | |a porovnanie medzinárodné |
| 610 | 2 | 0 | |a svet |
| 610 | 2 | 0 | |a krajiny tranzitívne |
| 610 | 2 | 0 | |a OECD |